000 00637cam a2200205 a 4500
020 _a9780821369418
020 _a0821369415
020 _a9780821369425 (electronic)
020 _a0821369423 (electronic)
040 _cDLC
082 0 0 _a352 WOR 2007 A072 Or.
245 0 0 _aPerformance accountability and combating corruption /
260 _aWashington, D.C. :
_bWorld Bank,
_cc2007.
300 _axxvi, 418 p. :
_bill. ;
_c23 cm.
650 0 _aTotal quality management in government.
650 0 _aPolitical corruption
700 1 _aShah, Anwar.
856 4 1 _uhttp://www.loc.gov/catdir/toc/ecip076/2006101263.html
942 _cEK
999 _c14843
_d14843